01033 2200217 4500001002100000005001500021008004100036020001800077035001900095041000800114082001200122084001800134100003100152245007100183260002600254300001000280500008700290520030900377650006300686650006600749INLIS00000000000016520200508200738200508||||||||| | ||| |||| ||eng|| a9781590188965 0010-0520000165 aeng0 a973.931 a973.931/STE/L0 aEdited by: Gail B. Stewart00aLucent Terrorism Library: America Under Attack: September 11, 2001 aSan DiegobGalec2002 a96 p. ae-book aA factbook on the September 11, 2001 terrorist attack on the United States, written for young adults. Provides an overview of the events of that day, discusses the limitations of U.S. intelligence prior to the event, and the effects that event has had on American life and national security preparedness. 0aSeptember 11 Terrorist Attacks, 2001 - Juvenile literature 0aDisasters - New York (State) - New York - Juvenile literature